DJs par ordre alphabétique - Statistiques

Statistiques générales
  • Ce quiz a été pris 47 fois
  • Le résultat moyen est 7 sur 26
Statistiques - réponses
Par images Hint Réponse % Correct
D David Guetta
100%
C Calvin Harris
74%
M Martin Garrix
55%
A Alan Walker
50%
L Lost Frequencies
39%
H Hardwell
37%
T Timmy Trumpet
37%
Z Zedd
37%
K KSHMR
29%
W W&W
29%
N Nicky Romero
26%
O Oliver Heldens
26%
F Feder
24%
Q Quintino
24%
U Ummet Ozcan
24%
B Bassjackers
21%
J Julian Jordan
18%
Y Yellow Claw
18%
I Italobrothers
16%
E Eric Prydz
13%
G Gordo
13%
S Sub Zero Project
13%
P Paul Van Dyk
11%
R Reinier Zonneveld
5%
V Vintage Culture
5%
X X-Pander
3%
Aucun quiz correspondant
Distribution des résultats
% des personnes avec chaque résultat
Percentile par nombre de réponses
Votre historique - résultats
Vous n’avez pas pris ce quiz